Huesos de sepia y otros poemas / Eugenio Montale ; Carlo Frabetti, Traductor (Registro nro. 42152)
[ vista simple ]
| 000 -LÍDER | |
|---|---|
| Campo fijo de descripción fija | 004060000a22001570004500 |
| 020 ## - NÚMERO INTERNACIONAL NORMALIZADO PARA LIBROS | |
| Número Internacional Normalizado del libro | 84-7530-202-5 |
| 041 0# - CÓDIGO DE IDIOMA | |
| Código de idioma para texto/pista de sonido o título separado | |
| 082 04 - NÚMERO DE CLASIFICACIÓN DECIMAL DEWEY | |
| Número de clasificación | G 851.91 M763h |
| 001 - NÚMERO DE CONTROL | |
| Campo de control | 13163 |
| 100 1# - ASIENTO PRINCIPAL--NOMBRE PERSONAL | |
| Nombre personal | Montale, Eugenio |
| 245 10 - TÍTULO | |
| Título del Material | Huesos de sepia y otros poemas / Eugenio Montale ; Carlo Frabetti, Traductor |
| 260 ## - PUBLICACIÓN, DISTRIBUCIÓN, ETC. (PIE DE IMPRENTA) | |
| Lugar de publicación, distribución, etc. | Madrid : Orbis |
| 300 ## - DESCRIPCIÓN FÍSICA | |
| Extensión | 221 Pag |
| 500 ## - NOTA GENERAL | |
| Nota General | Título original : Tutte le poesie |
| 942 ## - TIPO DE MATERIAL (KOHA) | |
| Tipo de Item KOHA | Libros General |
| Estado de Material | Estado de Perdido | Estado de Dañado | No para Préstamo | Colección | Tomo | Biblioteca de Origen | Biblioteca Permanente | Fecha de Adquisición | Total de Préstamos | Signatura Topográfica | Código de Barras | Última vez visto | Ejemplar/Existencia | Fecha de Remplazo | Tipo de Material |
|---|---|---|---|---|---|---|---|---|---|---|---|---|---|---|---|
| Colección General | Biblioteca FUSBC | Biblioteca FUSBC | 22/10/2005 | G 851.91 M763h | 11237 | 12/12/2019 | 1 | 26/01/2016 | Libros General |
